| 000 | 00948cam a22001934a 4500 | ||
|---|---|---|---|
| 005 | 20250605163637.0 | ||
| 008 | 250528s ||||||||||||||||||||||||d | ||
| 035 | _a23338 | ||
| 020 | _a340759712 | ||
| 040 |
_aGR-AtMCL _bgre _dGR-AtMCL _eAACR2 |
||
| 245 | 1 | _aEssential Health Psychology | |
| 250 | _a1st | ||
| 260 |
_bArnold, _c2002 |
||
| 300 | _a238 | ||
| 520 | _aThis book bridges the gap between simple introductory texts aimed at pre-university students and higher level textbooks for upper level undergraduates.Preface, Introduction, The Biology of Health and Illness, Perceptions and Beliefs and Cognitions, Differences Between People, Stress and Health, The Appetites, Communication and Behaviour, Psychometrics and the Measurement of Helath and Illness, Chronic Illness and Palliative Care and Death, Screening, Mind and Body and Placebo and Pain, Glossary, References, Index. | ||
| 942 | _cBK | ||
| 999 |
_c8363 _d8363 |
||